[Event "CZE-ch Amateurs 2022"]
[Site "Luhacovice"]
[Date "2022.03.15"]
[Round "5.10"]
[White "Zabystrzan, Pavel"]
[Black "Novotny, Josef"]
[Result "1-0"]
[WhiteElo "2162"]
[BlackElo "2033"]
[Annotator "ChessBase"]
[PlyCount "59"]
[EventDate "2022.03.12"]
[EventType "swiss"]
[EventCountry "CZE"]
[SourceTitle "playchess.com"]
[Source "ChessBase"]
[SourceQuality "1"]
[TimeControl "5400+30"]

1. Nf3 {[%emt 0:00:14]} e6 {[%emt 0:00:24]} 2. g3 {[%emt 0:00:22]} d6 {[%emt 0:00:08]} 3. d4 {[%emt 0:00:07]} g6 {[%emt 0:00:13]} 4. Bg2 {[%emt 0:01:32]} Bg7 {[%emt 0:00:24]} 5. c4 {[%emt 0:00:27]} Nc6 {[%emt 0:00:24]} 6. Nc3 {[%emt 0:00:38]} Nf6 {[%emt 0:00:20]} 7. O-O {[%emt 0:00:42]} O-O {[%emt 0:00:20]} 8. e4 {[%emt 0:01:37]} h6 {[%emt 0:01:44]} 9. d5 {[%emt 0:03:19]} Na5 {[%emt 0:06:02]} 10. Qd3 {[%emt 0:02:49]} exd5 {[%emt 0:01:38]} 11. cxd5 {[%emt 0:01:59]} c5 {[%emt 0:01:16]} 12. dxc6 {[%emt 0:01:28]} bxc6 {[%emt 0:01:50]} 13. Rd1 {[%emt 0:04:32]} Ne8 {[%emt 0:02:16]} 14. Be3 {[%emt 0:11:05]} Be6 {[%emt 0:01:09]} 15. b3 {[%emt 0:02:18]} c5 {[%emt 0:03:02]} 16. Nd2 {[%emt 0:13:42]} Rc8 {[%emt 0:03:31]} 17. Rac1 {[%emt 0:00:53]} Nc6 {[%emt 0:21:04]} 18. Nc4 {[%emt 0:01:17]} Bxc4 {[%emt 0:01:40]} 19. Qxc4 {[%emt 0:01:09]} Ne5 {[%emt 0:00:22]} 20. Qe2 {[%emt 0:01:51]} Qa5 {[%emt 0:06:51]} 21. Nd5 {[%emt 0:01:11]} Nc6 {[%emt 0:01:10]} 22. b4 {[%emt 0:02:28]} Qa4 {[%emt 0:06:16]} 23. bxc5 {[%emt 0:03:51]} Kh7 {[%emt 0:00:14]} 24. Qc4 {[%emt 0:09:13]} Qxc4 {[%emt 0:03:20]} 25. Rxc4 {[%emt 0:00:08]} Ne5 {[%emt 0:00:12]} 26. Rcc1 {[%emt 0:03:20]} Ng4 {[%emt 0:00:31]} 27. c6 {[%emt 0:01:27]} Nxe3 {[%emt 0:00:54]} 28. Nxe3 {[%emt 0:00:30]} Bb2 {[%emt 0:01:14]} 29. Rc2 {[%emt 0:01:39]} Ba3 {[%emt 0:00:13]} 30. Bh3 {[%emt 0:01:34]} 1-0

[Event "CZE-ch Amateurs 2022"]
[Site "Luhacovice"]
[Date "2022.03.15"]
[Round "5.11"]
[White "Lukastik, David"]
[Black "Gabriel, Adam"]
[Result "0-1"]
[WhiteElo "1854"]
[BlackElo "2097"]
[Annotator "ChessBase"]
[PlyCount "70"]
[EventDate "2022.03.12"]
[EventType "swiss"]
[EventCountry "CZE"]
[SourceTitle "playchess.com"]
[Source "ChessBase"]
[SourceQuality "1"]
[TimeControl "5400+30"]

1. d4 {[%emt 0:00:21]} Nf6 {[%emt 0:00:03]} 2. c4 {[%emt 0:00:10]} c5 {[%emt 0:00:32]} 3. Nf3 {[%emt 0:00:52]} cxd4 {[%emt 0:00:08]} 4. Nxd4 {[%emt 0:00:12]} e5 {[%emt 0:00:07]} 5. Nb3 {[%emt 0:04:46]} Nc6 {[%emt 0:01:07]} 6. Nc3 {[%emt 0:00:37]} d6 {[%emt 0:01:48]} 7. Nd5 {[%emt 0:03:46]} Nxd5 {[%emt 0:05:53]} 8. cxd5 {[%emt 0:00:10]} Ne7 {[%emt 0:04:47]} 9. e4 {[%emt 0:00:43]} Bd7 {[%emt 0:07:25]} 10. f4 {[%emt 0:09:26]} exf4 {[%emt 0:01:20]} 11. Bxf4 {[%emt 0:00:11]} Ng6 {[%emt 0:00:06]} 12. Bg3 {[%emt 0:04:42]} Be7 {[%emt 0:04:32]} 13. Be2 {[%emt 0:06:19]} Bh4 {[%emt 0:00:23]} 14. O-O {[%emt 0:04:02]} Bxg3 {[%emt 0:02:21]} 15. hxg3 {[%emt 0:00:30]} Qg5 {[%emt 0:01:23]} 16. Kh2 {[%emt 0:02:37]} Ne5 {[%emt 0:13:11]} 17. Qd2 {[%emt 0:03:11]} Qxd2 {[%emt 0:14:37]} 18. Nxd2 {[%emt 0:00:17]} Rc8 {[%emt 0:00:17]} 19. Rac1 {[%emt 0:00:37]} Ke7 {[%emt 0:00:12]} 20. Nc4 {[%emt 0:17:06]} Nxc4 {[%emt 0:01:08]} 21. Bxc4 {[%emt 0:05:03]} Rc5 {[%emt 0:01:27]} 22. b4 {[%emt 0:01:38]} Rc7 {[%emt 0:00:07]} 23. Bb3 {[%emt 0:07:35]} Rxc1 {[%emt 0:04:29]} 24. Rxc1 {[%emt 0:00:03]} Rc8 {[%emt 0:00:05]} 25. Rxc8 {[%emt 0:01:45]} Bxc8 {[%emt 0:00:08]} 26. Kg1 {[%emt 0:00:21]} Kf6 {[%emt 0:00:52]} 27. Kf2 {[%emt 0:00:08]} Ke5 {[%emt 0:00:06]} 28. Ke3 {[%emt 0:00:07]} f5 {[%emt 0:00:07]} 29. Bc2 {[%emt 0:00:21]} h6 {[%emt 0:01:26]} 30. a4 {[%emt 0:02:49]} fxe4 {[%emt 0:02:09]} 31. Bxe4 {[%emt 0:00:12]} Bf5 {[%emt 0:00:09]} 32. Bxf5 {[%emt 0:02:38]} Kxf5 {[%emt 0:00:08]} 33. Kd4 {[%emt 0:00:40]} Kg4 {[%emt 0:00:27]} 34. Ke4 {[%emt 0:00:09]} g6 {[%emt 0:00:29]} 35. a5 {[%emt 0:00:39]} a6 {[%emt 0:01:14]} 0-1

[Event "CZE-ch Amateurs 2022"]
[Site "Luhacovice"]
[Date "2022.03.15"]
[Round "5.12"]
[White "Kupsa, Matej"]
[Black "Vlachopulos, Georgis"]
[Result "1/2-1/2"]
[WhiteElo "2097"]
[BlackElo "1898"]
[Annotator "ChessBase"]
[PlyCount "71"]
[EventDate "2022.03.12"]
[EventType "swiss"]
[EventCountry "CZE"]
[SourceTitle "playchess.com"]
[Source "ChessBase"]
[SourceQuality "1"]
[TimeControl "5400+30"]

1. d4 {[%emt 0:00:05]} f5 {[%emt 0:00:17]} 2. c4 {[%emt 0:07:48]} d5 {[%emt 0:03:02]} 3. Nf3 {[%emt 0:04:11]} e6 {[%emt 0:00:30]} 4. h3 {[%emt 0:01:07]} Nf6 {[%emt 0:00:28]} 5. g4 {[%emt 0:00:35]} c6 {[%emt 0:00:40]} 6. Nc3 {[%emt 0:01:32]} Bb4 {[%emt 0:03:04]} 7. Qb3 {[%emt 0:03:12]} Bxc3+ {[%emt 0:01:03]} 8. bxc3 {[%emt 0:00:11]} Ne4 {[%emt 0:00:14]} 9. Ba3 {[%emt 0:02:32]} Qf6 {[%emt 0:04:19]} 10. Rg1 {[%emt 0:17:17]} fxg4 {[%emt 0:04:37]} 11. hxg4 {[%emt 0:06:52]} g5 {[%emt 0:00:53]} 12. Rg2 {[%emt 0:14:32]} Nd7 {[%emt 0:00:19]} 13. Nd2 {[%emt 0:02:46]} Nxd2 {[%emt 0:02:46]} 14. Kxd2 {[%emt 0:00:10]} Nb6 {[%emt 0:02:35]} 15. e3 {[%emt 0:02:31]} h5 {[%emt 0:01:54]} 16. Bd6 {[%emt 0:04:09]} dxc4 {[%emt 0:06:13]} 17. Qd1 {[%emt 0:02:22]} Qg6 {[%emt 0:04:05]} 18. Be5 {[%emt 0:02:17]} Rh7 {[%emt 0:05:18]} 19. gxh5 {[%emt 0:00:11]} Rxh5 {[%emt 0:01:31]} 20. Be2 {[%emt 0:00:10]} Rh4 {[%emt 0:02:54]} 21. Qg1 {[%emt 0:00:40]} g4 {[%emt 0:00:36]} 22. Rxg4 {[%emt 0:03:21]} Rxg4 {[%emt 0:01:19]} 23. Qxg4 {[%emt 0:00:05]} Qxg4 {[%emt 0:00:10]} 24. Bxg4 {[%emt 0:00:04]} Bd7 {[%emt 0:00:44]} 25. Bh5+ {[%emt 0:05:52]} Ke7 {[%emt 0:00:19]} 26. Rg1 {[%emt 0:00:41]} Rf8 {[%emt 0:00:24]} 27. f4 {[%emt 0:00:37]} Be8 {[%emt 0:05:32]} 28. Rg7+ {[%emt 0:02:33]} Bf7 {[%emt 0:01:38]} 29. Rh7 {[%emt 0:03:13]} Nd7 {[%emt 0:01:23]} 30. Bg7 {[%emt 0:03:03]} Rg8 {[%emt 0:03:18]} 31. Bh6 {[%emt 0:00:09]} Rg2+ {[%emt 0:02:04]} 32. Ke1 {[%emt 0:00:18]} Rxa2 {[%emt 0:00:31]} 33. Rxf7+ {[%emt 0:01:21]} Kd6 {[%emt 0:01:07]} 34. Bf3 {[%emt 0:04:06]} Rc2 {[%emt 0:03:26]} 35. Bg7 {[%emt 0:00:37]} a5 {[%emt 0:00:10]} 36. Be5+ {[%emt 0:00:10]} 1/2-1/2

[Event "CZE-ch Amateurs 2022"]
[Site "Luhacovice"]
[Date "2022.03.15"]
[Round "5.13"]
[White "Kulhanek, Jachym"]
[Black "Horvath, Tomas"]
[Result "0-1"]
[WhiteElo "1951"]
[BlackElo "2079"]
[Annotator "ChessBase"]
[PlyCount "104"]
[EventDate "2022.03.12"]
[EventType "swiss"]
[EventCountry "CZE"]
[SourceTitle "playchess.com"]
[Source "ChessBase"]
[SourceQuality "1"]
[TimeControl "5400+30"]

1. e4 {[%emt 0:00:03]} e5 {[%emt 0:00:05]} 2. Nf3 {[%emt 0:00:03]} Nc6 {[%emt 0:00:31]} 3. Bb5 {[%emt 0:00:05]} a6 {[%emt 0:01:49]} 4. Ba4 {[%emt 0:00:06]} Nf6 {[%emt 0:00:04]} 5. O-O {[%emt 0:00:03]} b5 {[%emt 0:00:16]} 6. Bb3 {[%emt 0:00:05]} Be7 {[%emt 0:02:02]} 7. Re1 {[%emt 0:00:22]} O-O {[%emt 0:00:10]} 8. h3 {[%emt 0:00:12]} d6 {[%emt 0:00:17]} 9. c3 {[%emt 0:00:04]} Na5 {[%emt 0:00:27]} 10. Bc2 {[%emt 0:00:05]} c5 {[%emt 0:00:03]} 11. d4 {[%emt 0:00:17]} cxd4 {[%emt 0:00:26]} 12. cxd4 {[%emt 0:00:06]} Qc7 {[%emt 0:00:42]} 13. Nbd2 {[%emt 0:04:01]} Bd7 {[%emt 0:03:50]} 14. Nf1 {[%emt 0:02:17]} Rac8 {[%emt 0:01:05]} 15. Ne3 {[%emt 0:01:25]} Nc6 {[%emt 0:09:31]} 16. d5 {[%emt 0:09:06]} Nb4 {[%emt 0:00:41]} 17. Bb1 {[%emt 0:02:45]} a5 {[%emt 0:00:27]} 18. a3 {[%emt 0:04:58]} Na6 {[%emt 0:07:10]} 19. Bd2 {[%emt 0:04:08]} Nc5 {[%emt 0:02:31]} 20. Nf1 {[%emt 0:04:03]} Na4 {[%emt 0:03:23]} 21. Qb3 {[%emt 0:03:28]} Qc4 {[%emt 0:02:11]} 22. Qa2 {[%emt 0:03:35]} Qxa2 {[%emt 0:03:12]} 23. Rxa2 {[%emt 0:00:34]} Bd8 {[%emt 0:01:24]} 24. b4 {[%emt 0:09:09]} Nc3 {[%emt 0:04:13]} 25. Rb2 {[%emt 0:00:11]} Bb6 {[%emt 0:09:17]} 26. Bd3 {[%emt 0:02:12]} h6 {[%emt 0:04:46]} 27. Rc2 {[%emt 0:06:31]} axb4 {[%emt 0:01:49]} 28. axb4 {[%emt 0:00:55]} Na4 {[%emt 0:05:53]} 29. Rxc8 {[%emt 0:07:21]} Rxc8 {[%emt 0:02:50]} 30. Rc1 {[%emt 0:00:06]} Rxc1 {[%emt 0:00:23]} 31. Bxc1 {[%emt 0:00:06]} Nc3 {[%emt 0:00:06]} 32. Ng3 {[%emt 0:01:02]} Nd1 {[%emt 0:02:00]} 33. Nh1 {[%emt 0:00:23]} g5 {[%emt 0:00:48]} 34. g4 {[%emt 0:01:13]} h5 {[%emt 0:07:18]} 35. Bxg5 {[%emt 0:04:24]} hxg4 {[%emt 0:05:21]} 36. Bxf6 {[%emt 0:02:28]} gxf3 {[%emt 0:00:27]} 37. Be7 {[%emt 0:07:57]} Bc7 {[%emt 0:09:22]} 38. Ng3 {[%emt 0:01:31]} Nc3 {[%emt 0:00:55]} 39. Nh5 {[%emt 0:02:38]} f5 {[%emt 0:01:58]} 40. exf5 {[%emt 0:12:34]} e4 {[%emt 0:01:08]} 41. Bc2 {[%emt 0:00:47]} Bxf5 {[%emt 0:00:40]} 42. Bb3 {[%emt 0:02:02]} Bb6 {[%emt 0:03:53]} 43. Bg5 {[%emt 0:01:24]} Ne2+ {[%emt 0:01:02]} 44. Kf1 {[%emt 0:01:04]} Bxh3+ {[%emt 0:01:00]} 45. Ke1 {[%emt 0:00:05]} Bd4 {[%emt 0:03:15]} 46. Nf6+ {[%emt 0:00:12]} Bxf6 {[%emt 0:01:02]} 47. Bxf6 {[%emt 0:00:05]} Nf4 {[%emt 0:00:32]} 48. Bc2 {[%emt 0:01:17]} Bf5 {[%emt 0:01:21]} 49. Bd1 {[%emt 0:03:47]} Nd3+ {[%emt 0:00:30]} 50. Kd2 {[%emt 0:00:49]} Nxf2 {[%emt 0:00:15]} 51. Bxf3 {[%emt 0:00:03]} exf3 {[%emt 0:00:15]} 52. Ke3 {[%emt 0:00:02]} Ng4+ {[%emt 0:00:09]} 0-1

[Event "CZE-ch Amateurs 2022"]
[Site "Luhacovice"]
[Date "2022.03.15"]
[Round "5.15"]
[White "Dudek Vojtech"]
[Black "Zaza, Martin"]
[Result "0-1"]
[WhiteElo "2045"]
[BlackElo "1822"]
[Annotator "ChessBase"]
[PlyCount "100"]
[EventDate "2022.03.12"]
[EventType "swiss"]
[EventCountry "CZE"]
[SourceTitle "playchess.com"]
[Source "ChessBase"]
[SourceQuality "1"]
[TimeControl "5400+30"]

1. Nf3 {[%emt 0:00:05]} Nf6 {[%emt 0:00:06]} 2. d4 {[%emt 0:00:16]} d5 {[%emt 0:00:15]} 3. Bf4 {[%emt 0:00:13]} c5 {[%emt 0:00:08]} 4. e3 {[%emt 0:00:07]} Nc6 {[%emt 0:00:08]} 5. c3 {[%emt 0:00:28]} Qb6 {[%emt 0:00:08]} 6. Qb3 {[%emt 0:00:12]} c4 {[%emt 0:00:04]} 7. Qc2 {[%emt 0:00:06]} Bf5 {[%emt 0:00:06]} 8. Qc1 {[%emt 0:00:10]} e6 {[%emt 0:00:32]} 9. Be2 {[%emt 0:00:27]} Be7 {[%emt 0:04:26]} 10. Nbd2 {[%emt 0:00:28]} h6 {[%emt 0:03:13]} 11. O-O {[%emt 0:06:07]} O-O {[%emt 0:08:10]} 12. b3 {[%emt 0:05:10]} cxb3 {[%emt 0:01:03]} 13. axb3 {[%emt 0:00:11]} Ne4 {[%emt 0:01:51]} 14. Nxe4 {[%emt 0:06:21]} Bxe4 {[%emt 0:00:10]} 15. Nd2 {[%emt 0:00:13]} Bg6 {[%emt 0:00:24]} 16. b4 {[%emt 0:05:07]} Rfc8 {[%emt 0:01:21]} 17. Qb2 {[%emt 0:01:49]} Nxb4 {[%emt 0:09:37]} 18. e4 {[%emt 0:17:00]} Nc6 {[%emt 0:01:09]} 19. Qa2 {[%emt 0:19:47]} dxe4 {[%emt 0:04:58]} 20. Rfb1 {[%emt 0:00:27]} Qd8 {[%emt 0:00:05]} 21. Rxb7 {[%emt 0:00:29]} Bd6 {[%emt 0:00:17]} 22. Be3 {[%emt 0:00:43]} Rcb8 {[%emt 0:05:12]} 23. Ba6 {[%emt 0:01:36]} Bxh2+ {[%emt 0:05:15]} 24. Kxh2 {[%emt 0:14:27]} Rxb7 {[%emt 0:00:08]} 25. Bxb7 {[%emt 0:00:05]} Qc7+ {[%emt 0:00:07]} 26. Bf4 {[%emt 0:03:49]} Qxb7 {[%emt 0:01:40]} 27. Nc4 {[%emt 0:02:14]} Ne7 {[%emt 0:04:39]} 28. Na5 {[%emt 0:03:20]} Qb6 {[%emt 0:03:45]} 29. Qa3 {[%emt 0:03:46]} Nd5 {[%emt 0:02:24]} 30. Bg3 {[%emt 0:02:02]} Nf6 {[%emt 0:00:26]} 31. Nc4 {[%emt 0:01:09]} Qb5 {[%emt 0:00:46]} 32. Ne5 {[%emt 0:00:25]} Qe2 {[%emt 0:02:09]} 33. c4 {[%emt 0:02:10]} Bf5 {[%emt 0:02:09]} 34. Qe3 {[%emt 0:04:04]} Qb2 {[%emt 0:01:24]} 35. Ra3 {[%emt 0:00:24]} a5 {[%emt 0:00:21]} 36. Rb3 {[%emt 0:00:24]} Qa1 {[%emt 0:00:52]} 37. Bh4 {[%emt 0:01:35]} a4 {[%emt 0:01:19]} 38. Bxf6 {[%emt 0:01:03]} axb3 {[%emt 0:00:38]} 39. Qg3 {[%emt 0:00:15]} Bg6 {[%emt 0:00:24]} 40. Nxg6 {[%emt 0:00:22]} fxg6 {[%emt 0:00:14]} 41. Qxg6 {[%emt 0:00:06]} Qa7 {[%emt 0:00:30]} 42. Be5 {[%emt 0:00:39]} b2 {[%emt 0:01:21]} 43. Qxe6+ {[%emt 0:00:14]} Qf7 {[%emt 0:00:53]} 44. Qb6 {[%emt 0:00:41]} Qh5+ {[%emt 0:00:04]} 45. Kg3 {[%emt 0:00:12]} Qg5+ {[%emt 0:02:09]} 46. Kh3 {[%emt 0:00:30]} Ra3+ {[%emt 0:00:23]} 47. g3 {[%emt 0:00:13]} Qh5+ {[%emt 0:00:08]} 48. Kg2 {[%emt 0:00:02]} Qf3+ {[%emt 0:00:28]} 49. Kh3 {[%emt 0:00:02]} Ra1 {[%emt 0:00:17]} 50. Qe6+ {[%emt 0:01:42]} Kh7 {[%emt 0:00:22]} 0-1

[Event "CZE-ch Amateurs 2022"]
[Site "Luhacovice"]
[Date "2022.03.15"]
[Round "5.16"]
[White "Bakalar, Jan"]
[Black "Svobodova, Michaela"]
[Result "1/2-1/2"]
[WhiteElo "1820"]
[BlackElo "2054"]
[Annotator "ChessBase"]
[PlyCount "100"]
[EventDate "2022.03.12"]
[EventType "swiss"]
[EventCountry "CZE"]
[SourceTitle "playchess.com"]
[Source "ChessBase"]
[SourceQuality "1"]
[TimeControl "5400+30"]

1. e4 {[%emt 0:00:11]} c5 {[%emt 0:00:12]} 2. Nf3 {[%emt 0:00:41]} e6 {[%emt 0:00:20]} 3. d4 {[%emt 0:01:22]} cxd4 {[%emt 0:00:10]} 4. Nxd4 {[%emt 0:00:03]} a6 {[%emt 0:00:12]} 5. c4 {[%emt 0:03:10]} Nf6 {[%emt 0:03:48]} 6. Nc3 {[%emt 0:00:22]} Qc7 {[%emt 0:01:31]} 7. Be2 {[%emt 0:08:37]} Be7 {[%emt 0:02:10]} 8. O-O {[%emt 0:01:37]} b6 {[%emt 0:02:25]} 9. Qd3 {[%emt 0:07:39]} Bb7 {[%emt 0:02:52]} 10. Nc2 {[%emt 0:07:10]} d6 {[%emt 0:04:36]} 11. b3 {[%emt 0:13:14]} Nbd7 {[%emt 0:01:28]} 12. f3 {[%emt 0:01:19]} Rc8 {[%emt 0:05:21]} 13. Bb2 {[%emt 0:01:09]} O-O {[%emt 0:02:50]} 14. Ne3 {[%emt 0:01:49]} Rfd8 {[%emt 0:05:25]} 15. g4 {[%emt 0:03:12]} Ne5 {[%emt 0:08:29]} 16. Qd2 {[%emt 0:01:10]} d5 {[%emt 0:17:29]} 17. exd5 {[%emt 0:03:19]} exd5 {[%emt 0:04:38]} 18. Ncxd5 {[%emt 0:07:04]} Nxd5 {[%emt 0:02:13]} 19. cxd5 {[%emt 0:02:20]} Bxd5 {[%emt 0:03:55]} 20. Nxd5 {[%emt 0:01:15]} Qc5+ {[%emt 0:01:00]} 21. Kh1 {[%emt 0:05:36]} Rxd5 {[%emt 0:01:34]} 22. Qc1 {[%emt 0:00:31]} Nd3 {[%emt 0:10:20]} 23. Qxc5 {[%emt 0:02:14]} Bxc5 {[%emt 0:01:23]} 24. Bxd3 {[%emt 0:02:36]} Rxd3 {[%emt 0:00:35]} 25. Rac1 {[%emt 0:07:15]} Re8 {[%emt 0:02:18]} 26. Rc2 {[%emt 0:01:31]} f6 {[%emt 0:02:06]} 27. Bc1 {[%emt 0:00:58]} Kf7 {[%emt 0:02:04]} 28. Kg2 {[%emt 0:01:16]} a5 {[%emt 0:01:50]} 29. f4 {[%emt 0:02:21]} Re4 {[%emt 0:03:43]} 30. Rf3 {[%emt 0:03:21]} Rd1 {[%emt 0:02:06]} 31. Rf1 {[%emt 0:00:09]} Ree1 {[%emt 0:03:12]} 32. Rxe1 {[%emt 0:00:11]} Rxe1 {[%emt 0:00:02]} 33. h3 {[%emt 0:04:20]} f5 {[%emt 0:01:38]} 34. g5 {[%emt 0:03:21]} Re4 {[%emt 0:00:54]} 35. Kf3 {[%emt 0:00:20]} Ke6 {[%emt 0:00:27]} 36. Re2 {[%emt 0:01:24]} Rxe2 {[%emt 0:00:25]} 37. Kxe2 {[%emt 0:00:02]} Kd5 {[%emt 0:00:20]} 38. Kd3 {[%emt 0:00:11]} Bf2 {[%emt 0:01:08]} 39. Bb2 {[%emt 0:01:14]} g6 {[%emt 0:00:14]} 40. Bc3 {[%emt 0:01:06]} Bg3 {[%emt 0:01:03]} 41. Ke3 {[%emt 0:00:40]} Bh2 {[%emt 0:00:40]} 42. Bd2 {[%emt 0:00:50]} Bg1+ {[%emt 0:00:19]} 43. Kd3 {[%emt 0:00:34]} Bc5 {[%emt 0:00:31]} 44. Bc3 {[%emt 0:00:00]} Ba3 {[%emt 0:00:39]} 45. Bd2 {[%emt 0:01:04]} Bb2 {[%emt 0:00:57]} 46. a4 {[%emt 0:00:44]} Bd4 {[%emt 0:00:33]} 47. Bc1 {[%emt 0:00:34]} Bc5 {[%emt 0:00:16]} 48. Bd2 {[%emt 0:00:22]} Bd6 {[%emt 0:00:33]} 49. Be3 {[%emt 0:00:09]} Bc5 {[%emt 0:00:25]} 50. Bd2 {[%emt 0:00:10]} Bd6 {[%emt 0:00:36]} 1/2-1/2

[Event "CZE-ch Amateurs 2022"]
[Site "Luhacovice"]
[Date "2022.03.15"]
[Round "5.17"]
[White "Vrzal, Filip"]
[Black "Mach, Petr"]
[Result "1/2-1/2"]
[WhiteElo "1877"]
[BlackElo "2023"]
[Annotator "ChessBase"]
[PlyCount "29"]
[EventDate "2022.03.12"]
[EventType "swiss"]
[EventCountry "CZE"]
[SourceTitle "playchess.com"]
[Source "ChessBase"]
[SourceQuality "1"]
[TimeControl "5400+30"]

1. e4 {[%emt 0:00:04]} d5 {[%emt 0:00:04]} 2. exd5 {[%emt 0:00:04]} Nf6 {[%emt 0:00:13]} 3. d4 {[%emt 0:00:07]} Nxd5 {[%emt 0:00:03]} 4. c4 {[%emt 0:00:10]} Nb6 {[%emt 0:00:02]} 5. Nf3 {[%emt 0:00:06]} g6 {[%emt 0:00:03]} 6. Nc3 {[%emt 0:00:06]} Bg7 {[%emt 0:00:04]} 7. c5 {[%emt 0:00:08]} Nd5 {[%emt 0:00:03]} 8. Bc4 {[%emt 0:00:57]} c6 {[%emt 0:00:28]} 9. O-O {[%emt 0:00:34]} O-O {[%emt 0:00:31]} 10. Re1 {[%emt 0:01:51]} Bg4 {[%emt 0:02:33]} 11. Bg5 {[%emt 0:01:57]} Bf6 {[%emt 0:15:48]} 12. Bh6 {[%emt 0:11:38]} Bg7 {[%emt 0:11:13]} 13. Bg5 {[%emt 0:00:16]} Bf6 {[%emt 0:00:39]} 14. Bh6 {[%emt 0:00:17]} Bg7 {[%emt 0:00:03]} 15. Bg5 {[%emt 0:00:12]} 1/2-1/2

[Event "CZE-ch Amateurs 2022"]
[Site "Luhacovice"]
[Date "2022.03.15"]
[Round "5.18"]
[White "Taus, Martin"]
[Black "Svacina, Tobias"]
[Result "1-0"]
[WhiteElo "2017"]
[BlackElo "1749"]
[Annotator "ChessBase"]
[PlyCount "47"]
[EventDate "2022.03.12"]
[EventType "swiss"]
[EventCountry "CZE"]
[SourceTitle "playchess.com"]
[Source "ChessBase"]
[SourceQuality "1"]
[TimeControl "5400+30"]

1. e4 {[%emt 0:00:35]} e5 {[%emt 0:01:22]} 2. Nf3 {[%emt 0:00:07]} Nc6 {[%emt 0:00:38]} 3. d4 {[%emt 0:00:05]} exd4 {[%emt 0:00:42]} 4. Bc4 {[%emt 0:00:07]} Nf6 {[%emt 0:01:03]} 5. e5 {[%emt 0:00:05]} d5 {[%emt 0:00:30]} 6. Bb5 {[%emt 0:00:41]} Ne4 {[%emt 0:00:52]} 7. Nxd4 {[%emt 0:00:27]} Bd7 {[%emt 0:00:40]} 8. Bxc6 {[%emt 0:00:17]} bxc6 {[%emt 0:00:37]} 9. O-O {[%emt 0:03:37]} Bc5 {[%emt 0:02:44]} 10. f3 {[%emt 0:00:17]} Ng5 {[%emt 0:00:05]} 11. Be3 {[%emt 0:00:17]} Bb6 {[%emt 0:00:33]} 12. f4 {[%emt 0:05:59]} Ne4 {[%emt 0:00:09]} 13. c3 {[%emt 0:05:44]} c5 {[%emt 0:07:16]} 14. Nf3 {[%emt 0:12:52]} Bc6 {[%emt 0:00:36]} 15. a4 {[%emt 0:05:40]} a5 {[%emt 0:00:40]} 16. Kh1 {[%emt 0:01:48]} Qd7 {[%emt 0:04:16]} 17. Nbd2 {[%emt 0:08:27]} Nxd2 {[%emt 0:00:59]} 18. Qxd2 {[%emt 0:00:13]} Bxa4 {[%emt 0:00:46]} 19. e6 {[%emt 0:07:18]} fxe6 {[%emt 0:04:04]} 20. Ne5 {[%emt 0:00:06]} Qb5 {[%emt 0:01:24]} 21. c4 {[%emt 0:00:19]} Qb4 {[%emt 0:00:46]} 22. Qxb4 {[%emt 0:03:47]} axb4 {[%emt 0:02:36]} 23. b3 {[%emt 0:02:31]} d4 {[%emt 0:01:09]} 24. Bd2 {[%emt 0:04:12]} 1-0

[Event "CZE-ch Amateurs 2022"]
[Site "Luhacovice"]
[Date "2022.03.15"]
[Round "5.19"]
[White "Romanek, Zdenek"]
[Black "Bokhnak, Timofey"]
[Result "0-1"]
[WhiteElo "1624"]
[BlackElo "1978"]
[Annotator "ChessBase"]
[PlyCount "82"]
[EventDate "2022.03.12"]
[EventType "swiss"]
[EventCountry "CZE"]
[SourceTitle "playchess.com"]
[Source "ChessBase"]
[SourceQuality "1"]
[TimeControl "5400+30"]

1. d4 {[%emt 0:00:06]} d5 {[%emt 0:00:18]} 2. c4 {[%emt 0:00:07]} e6 {[%emt 0:00:03]} 3. Bf4 {[%emt 0:00:45]} Nf6 {[%emt 0:00:28]} 4. e3 {[%emt 0:00:35]} c6 {[%emt 0:01:00]} 5. Nc3 {[%emt 0:02:34]} Bd6 {[%emt 0:00:20]} 6. Bxd6 {[%emt 0:02:49]} Qxd6 {[%emt 0:00:06]} 7. Bd3 {[%emt 0:00:08]} Nbd7 {[%emt 0:00:38]} 8. Nge2 {[%emt 0:00:24]} dxc4 {[%emt 0:03:47]} 9. Bxc4 {[%emt 0:00:22]} e5 {[%emt 0:00:03]} 10. Qc2 {[%emt 0:03:34]} O-O {[%emt 0:00:57]} 11. O-O {[%emt 0:00:46]} exd4 {[%emt 0:01:25]} 12. exd4 {[%emt 0:01:54]} Nb6 {[%emt 0:01:40]} 13. Bb3 {[%emt 0:05:30]} Re8 {[%emt 0:05:10]} 14. Rad1 {[%emt 0:02:36]} Bg4 {[%emt 0:03:19]} 15. Rd2 {[%emt 0:04:25]} Re7 {[%emt 0:02:08]} 16. Rfd1 {[%emt 0:05:13]} Rae8 {[%emt 0:00:11]} 17. f3 {[%emt 0:11:10]} Bh5 {[%emt 0:01:20]} 18. d5 {[%emt 0:01:12]} Bg6 {[%emt 0:03:35]} 19. Qc1 {[%emt 0:00:33]} cxd5 {[%emt 0:03:09]} 20. Nb5 {[%emt 0:05:41]} Qe5 {[%emt 0:04:06]} 21. Qc3 {[%emt 0:13:12]} Qg5 {[%emt 0:01:37]} 22. Ng3 {[%emt 0:05:18]} h5 {[%emt 0:01:59]} 23. Nd6 {[%emt 0:03:48]} Rd8 {[%emt 0:02:04]} 24. Qc5 {[%emt 0:00:26]} h4 {[%emt 0:09:21]} 25. Nge4 {[%emt 0:04:57]} Nxe4 {[%emt 0:01:29]} 26. Nxe4 {[%emt 0:00:13]} Bxe4 {[%emt 0:00:23]} 27. fxe4 {[%emt 0:00:35]} Rxe4 {[%emt 0:00:06]} 28. h3 {[%emt 0:06:44]} Rde8 {[%emt 0:01:49]} 29. Rf2 {[%emt 0:03:10]} Re1+ {[%emt 0:04:37]} 30. Rf1 {[%emt 0:01:13]} Rxf1+ {[%emt 0:00:49]} 31. Rxf1 {[%emt 0:00:10]} Qe3+ {[%emt 0:00:06]} 32. Qxe3 {[%emt 0:01:00]} Rxe3 {[%emt 0:00:04]} 33. Rf4 {[%emt 0:00:15]} Re4 {[%emt 0:01:02]} 34. Rf5 {[%emt 0:01:29]} g6 {[%emt 0:00:23]} 35. Rf6 {[%emt 0:00:19]} Re6 {[%emt 0:00:15]} 36. Rf4 {[%emt 0:00:29]} g5 {[%emt 0:00:04]} 37. Rf5 {[%emt 0:00:38]} f6 {[%emt 0:01:38]} 38. Kf2 {[%emt 0:00:46]} Rd6 {[%emt 0:02:40]} 39. Ke2 {[%emt 0:01:07]} Kf7 {[%emt 0:00:18]} 40. Kd3 {[%emt 0:00:18]} Ke6 {[%emt 0:00:07]} 41. Rf2 {[%emt 0:01:01]} Nd7 {[%emt 0:02:12]} 0-1

[Event "CZE-ch Amateurs 2022"]
[Site "Luhacovice"]
[Date "2022.03.15"]
[Round "5.20"]
[White "Zednicek, Filip"]
[Black "Matejovsky, Ondrej"]
[Result "1/2-1/2"]
[WhiteElo "1570"]
[BlackElo "1939"]
[Annotator "ChessBase"]
[PlyCount "21"]
[EventDate "2022.03.12"]
[EventType "swiss"]
[EventCountry "CZE"]
[SourceTitle "playchess.com"]
[Source "ChessBase"]
[SourceQuality "1"]
[TimeControl "5400+30"]

1. e4 {[%emt 0:00:26]} e5 {[%emt 0:00:06]} 2. d4 {[%emt 0:01:41]} exd4 {[%emt 0:00:13]} 3. Nf3 {[%emt 0:00:06]} d6 {[%emt 0:02:27]} 4. Nxd4 {[%emt 0:04:35]} Nf6 {[%emt 0:01:19]} 5. Nc3 {[%emt 0:03:24]} Be7 {[%emt 0:01:07]} 6. Bc4 {[%emt 0:02:21]} O-O {[%emt 0:01:23]} 7. O-O {[%emt 0:04:46]} b6 {[%emt 0:11:56]} 8. Nd5 {[%emt 0:10:50]} Bb7 {[%emt 0:09:29]} 9. Nf5 {[%emt 0:02:41]} Nxd5 {[%emt 0:05:30]} 10. Bxd5 {[%emt 0:01:28]} Bxd5 {[%emt 0:01:34]} 11. Qxd5 {[%emt 0:03:36]} 1/2-1/2